| 000 | 00863nam a2200241 a 4500 | ||
|---|---|---|---|
| 001 | 62738 | ||
| 003 | BD-RjUL | ||
| 005 | 20211209081122.0 | ||
| 008 | 170125s1974 ii ||||| |||| 00| p ben d | ||
| 020 | _c: Tk. 4.00 | ||
| 035 | _a(BD-RjUL)62865 | ||
| 040 |
_aBD-RjUL _bben _cBD-RjUL |
||
| 041 | _aben | ||
| 082 |
_223 _a831 _bHEH 1974 |
||
| 100 |
_aহাইন _9186488 |
||
| 245 | 1 | 0 |
_aহাইনের কবিতা / _cহাইন ; সম্পাদনা চিত্তরঞ্জন ঘোষ |
| 260 |
_aকলিকাতা : _bপঞ্চানন সাহা, _c১৯৭৪ |
||
| 300 |
_a৩৪ পৃ. ; _c২৩ সেমি. |
||
| 650 |
_aজার্মানি কবিতা _9178187 |
||
| 650 |
_aGerman Poetry _9186489 |
||
| 700 |
_aঘোষ, চিত্তরঞ্জন, সম্পাদক _9186490 |
||
| 942 |
_2ddc _cBK |
||
| 999 |
_c62738 _d62738 |
||